| 000 | 004100000a22001450004500 | ||
|---|---|---|---|
| 090 |
_aAR _b00835 |
||
| 245 | 1 | 0 | _aPatterns of herbivory in a tropical deciduous forest |
| 650 | 1 | 4 |
_aBosques deciduos _994030 |
| 650 | 1 | 4 |
_aHerbivoria _994032 |
| 650 | 1 | 4 |
_aRelación planta-animal _992861 |
| 041 | 0 | _aInglés | |
| 100 | 1 |
_aJanzen, Daniel H. _93808 |
|
| 942 | _cARTICULO | ||
| 773 | 1 |
_tBiotropica _39 _h4 _q271-282 _d1981 _g13 |
|
| 999 |
_c9924 _d9924 |
||